| 000 | 00000nam##2200000za#4500 |
| 001 | 9.572356 |
| 003 | CaOODSP |
| 005 | 20210929082754 |
| 007 | cr ||||||||||| |
| 008 | 150406|1997||||xxc|||||o f|0| 0 eng|d |
| 040 | |aCaOODSP|beng |
| 043 | |an-cn--- |
| 086 | 1 |aFo29-47/2-1997E-PDF |
| 110 | 1 |aCanada. |bNatural Resources Canada. |bCanadian Forest Service. |
| 245 | 12|aA field estimation procedure for downed coarse woody debris|h[electronic resource]|c[by] S.W. Taylor. |
| 260 | |aVictoria - British Columbia : |bNatural Resources Canada. |cAugust, 1997. |
| 300 | |a6p.|breferences, tables |
| 490 | 1 |aTechnology transfer note|vNo. 2 |
| 500 | |aThe catalogue number (Fo29-47/2-1997E) and ISBN (0-662-25798-7) for the print edition have been incorrectly copied in this electronic publication. |
| 590 | |a11-30-Supp|b2011-12-02 |
| 690 | 07|aForestry technology|2gcpds |
| 720 | 1 |aTaylor, S. W. |
| 775 | 08|tUne méthode d'évaluation sur le terrain des débris ligneux grossiers|w(CaOODSP)9.604807 |
| 776 | 0#|tA field estimation procedure for downed coarse woody debris|w(CaOODSP)9.613830 |
| 830 | #0|aTechnology transfer note ;|vNo. 2|w(CaOODSP)9.504768 |
| 856 | 40|ahttp://publications.gc.ca|qPDF|s68 KB|uhttps://publications.gc.ca/collections/Collection/Fo29-47-2-1997E.pdf|yNo. 2 |